000 00763nam a22003017a 4500
003 OSt
005 20140310182912.0
008 130511t xxu||||| |||| 00| 0 eng d
050 _aKPM 1660
_b.Sa246 2002
082 _aFIL 344.072
_bSa7 2002
245 _aEducation law and the private schools
_cSarmiento III , Ulpiano P.
_ba practical guide for educational leaders and policy makers
260 _aPhilippines
_bThe Author
_c2002
300 _a1097 p.
_c24 cm.
526 _c1210L-1700L
562 _e11
942 _2lcc
_cBK
999 _c17243
_d17243